000 00572nam a2200205Ia 4500
005 20250508162106.0
008 008 250505s9999 xx 000 0 eng d
020 _a0-340-17675-X
037 _aTextual
040 _aFEDL
_beng
_cFEDL
041 _aeng
_2eng
084 _a370.15, LOV
_qFEDL
100 _aLovell K.
245 0 _aEducational psychology and children
260 _aLondon, UK
_bUniversity of London Press Ltd.
_c1973
300 _a319p
650 _aEducation - Psychology
942 _cTEXL
_h370.15, LOV
999 _c1374328
_d1374328